Adivina lo que es / (Record no. 29660)

MARC details
000 -LEADER
fixed length control field 00500 a2200181 4500
003 - CONTROL NUMBER IDENTIFIER
control field sjds
005 - DATE AND TIME OF LATEST TRANSACTION
control field 20250605143239.0
008 - FIXED-LENGTH DATA ELEMENTS--GENERAL INFORMATION
fixed length control field 250605b |||||||| |||| 00| 0 spa d
020 ## - INTERNATIONAL STANDARD BOOK NUMBER
International Standard Book Number 9780673758675
040 ## - CATALOGING SOURCE
Transcribing agency sjds
041 ## - LANGUAGE CODE
Language code of text/sound track or separate title spa
100 ## - MAIN ENTRY--PERSONAL NAME
Personal name Briggs, Terry
245 ## - TITLE STATEMENT
Title Adivina lo que es /
Statement of responsibility, etc. Authors:Terry Briggs, Michael Carroll
260 ## - PUBLICATION, DISTRIBUTION, ETC. (IMPRINT)
Place of publication, distribution, etc. Glenview, IL,
Name of publisher, distributor, etc. CelebrationPress,
Date of publication, distribution, etc. c1996
300 ## - PHYSICAL DESCRIPTION
Extent 8 pages :
Other physical details color illustrations ;
Dimensions 18 cm
700 ## - ADDED ENTRY--PERSONAL NAME
Personal name Carroll, Michael.
942 ## - ADDED ENTRY ELEMENTS (KOHA)
Koha item type Libro/Book
Holdings
Withdrawn status Lost status Damaged status Not for loan Home library Current library Date acquired Total Checkouts Full call number Barcode Date last seen Price effective from Koha item type Date checked out Inventory number
        San Juan Del Sur -- Mobile San Juan Del Sur -- Mobile 30/04/2024   JI 33014999 30/04/2024 30/04/2024 Libro/Book    
        San Juan Del Sur -- Mobile San Juan Del Sur -- Mobile 30/04/2024 1 Ji 33014996 06/11/2024 30/04/2024 Libro/Book 02/10/2024  
        San Juan Del Sur -- Mobile San Juan Del Sur -- Mobile 05/06/2025   JI 33014993 05/06/2025 05/06/2025 Libro/Book   Inventory date: 10-2-25

Powered by Koha